Huyết học; T1

Guardat en:
Dades bibliogràfiques
Autor principal: Bệnh viện Bạch Mai Hà Nội
Format: Llibre
Idioma:Undetermined
Publicat: Hà Nội Y học 1978
Matèries:
Etiquetes: Afegir etiqueta
Sense etiquetes, Sigues el primer a etiquetar aquest registre!
Thư viện lưu trữ: Trung tâm Học liệu Trường Đại học Cần Thơ
LEADER 00553nam a2200181Ia 4500
001 CTU_7597
008 210402s9999 xx 000 0 und d
082 |a 616.157 
082 |b Kh401/T1 
100 |a Bệnh viện Bạch Mai Hà Nội 
245 0 |a Huyết học; T1 
245 0 |c Bệnh viện Bạch Mai Hà Nội 
260 |a Hà Nội 
260 |b Y học 
260 |c 1978 
650 |a hematology,hemorrhagic diseases 
904 |i Nguyễn Huỳnh Mai, 960823 
980 |a Trung tâm Học liệu Trường Đại học Cần Thơ